000 00253nam a2200097Ia 4500
001 1155279
005 20250827011200.0
008 250824s9999 xx 000 0 und d
245 0 _aTEKNOLOJİ FELSEFESİ
_cSTIG BORSEN HANSEN
260 _bKETEBE YAYINLARI
999 _c1155279
_d1155279